[Event "Montreal CC-ch"]
[Site "Montreal CAN"]
[Date "2014.06.13"]
[Round "1"]
[White "Smith-Lauzon, Olivier"]
[Black "Barko, Maxim"]
[Result "1/2-1/2"]
[WhiteElo "1398"]
[BlackElo "1890"]
[PlyCount "61"]
[EventDate "2014.06.01"]
[EventType "swiss"]
[EventRounds "5"]
[EventCountry "CAN"]

1. d4 Nf6 2. c4 c5 3. d5 d6 4. Nc3 e6 5. Bg5 h6 6. Bh4 g5 7. Bg3 e5 8. e4 Bg7
9. Nf3 Bg4 10. Be2 Nh5 11. O-O Nf4 12. Nd2 Bxe2 13. Nxe2 Nd7 14. f3 Qf6 15. Be1
h5 16. g3 Nd3 17. Qb3 Nxe1 18. Raxe1 g4 19. Rf2 Qh6 20. Nf1 O-O-O 21. Ne3 Nf6
22. Nf5 Qh7 23. Qc2 h4 24. Ref1 gxf3 25. Rxf3 Ng4 26. Nxh4 f6 27. h3 Nh6 28.
R1f2 Rd7 29. Rh2 Qg8 30. Nf5 Nxf5 31. Rxf5 1/2-1/2

[Event "Montreal CC-ch"]
[Site "Montreal CAN"]
[Date "2014.06.13"]
[Round "1"]
[White "Sonn, Eric"]
[Black "Heredia, Jose"]
[Result "1-0"]
[WhiteElo "1450"]
[BlackElo "1925"]
[PlyCount "60"]
[EventDate "2014.06.01"]
[EventType "swiss"]
[EventRounds "5"]
[EventCountry "CAN"]

1. e4 c6 2. d4 d5 3. f3 Qb6 4. Nc3 dxe4 5. fxe4 e5 6. Nf3 exd4 7. Qxd4 Qxd4 8.
Nxd4 Bd6 9. Bc4 Ne7 10. Be3 Bg4 11. Nf3 Nd7 12. O-O-O Bb8 13. Rxd7 Bxf3 14.
Rxe7+ Kxe7 15. gxf3 b5 16. Bb3 a5 17. a4 b4 18. Ne2 Rd8 19. f4 Re8 20. Nd4 Rc8
21. Nf5+ Kd7 22. Bxf7 g6 23. Rd1+ Kc7 24. Nd6 Ba7 25. Bxa7 Rxa7 26. Nxc8 Kxc8
27. Be6+ Kb8 28. Rd8+ Kc7 29. Rd7+ Kb6 30. Rxa7 Kxa7 1-0

[Event "Montreal CC-ch"]
[Site "Montreal CAN"]
[Date "2014.06.13"]
[Round "1"]
[White "Sprumont, Oscar"]
[Black "Bonneville-Roussy, Didier"]
[Result "1-0"]
[WhiteElo "2042"]
[BlackElo "1479"]
[PlyCount "43"]
[EventDate "2014.06.01"]
[EventType "swiss"]
[EventRounds "5"]
[EventCountry "CAN"]

1. Nf3 f5 2. c4 Nf6 3. g3 e6 4. Bg2 Be7 5. Nc3 O-O 6. O-O d6 7. d4 Ne4 8. Qc2
Nxc3 9. bxc3 Bf6 10. e4 Nc6 11. Rd1 Qe8 12. Re1 Qg6 13. e5 Be7 14. Bf4 Bd7 15.
d5 Nd8 16. Rad1 Nf7 17. Qb3 Rab8 18. exd6 cxd6 19. dxe6 Bxe6 20. Nd4 Ne5 21.
Nxe6 Qxe6 22. Bd5 1-0

[Event "Montreal CC-ch"]
[Site "Montreal CAN"]
[Date "2014.06.13"]
[Round "1"]
[White "Tremblay, Alain"]
[Black "Houde-Billette, Felix"]
[Result "1-0"]
[WhiteElo "2164"]
[BlackElo "1504"]
[PlyCount "43"]
[EventDate "2014.06.01"]
[EventType "swiss"]
[EventRounds "5"]
[EventCountry "CAN"]

1. Nf3 d5 2. d4 c6 3. c4 Nf6 4. Nc3 a6 5. c5 Bf5 6. Bf4 Nbd7 7. h3 h6 8. e3 e6
9. Qb3 b6 10. cxb6 Qxb6 11. Ne5 c5 12. dxc5 Bxc5 13. Nxd7 Nxd7 14. Be2 O-O 15.
O-O Bb4 16. Na4 Qa5 17. a3 Be7 18. Nc3 Nf6 19. Rac1 Rfd8 20. Be5 Ne4 21. Nxe4
Bxe4 22. Bc7 1-0

[Event "Montreal CC-ch"]
[Site "Montreal CAN"]
[Date "2014.06.14"]
[Round "2"]
[White "Baran, Marius"]
[Black "Barko, Maxim"]
[Result "0-1"]
[WhiteElo "1689"]
[BlackElo "1890"]
[PlyCount "92"]
[EventDate "2014.06.01"]
[EventType "swiss"]
[EventRounds "5"]
[EventCountry "CAN"]

1. e4 e6 2. d4 d5 3. Nc3 Bb4 4. e5 c5 5. Bd2 cxd4 6. Nb5 Bc5 7. Nf3 Nc6 8. a3
Qb6 9. b4 Bf8 10. c3 dxc3 11. Bxc3 Bd7 12. Nbd4 Nge7 13. Bd3 Rc8 14. Rc1 a6 15.
O-O Ng6 16. Nxc6 Bxc6 17. Bd4 Qd8 18. Qd2 Be7 19. g3 O-O 20. Ne1 Bb5 21. Rxc8
Qxc8 22. f4 Bxd3 23. Nxd3 Qd7 24. Bc5 Rc8 25. g4 Bxc5+ 26. Nxc5 Qb5 27. Qd4 b6
28. Nb7 Qc4 29. Qxb6 Rb8 30. h3 Nxf4 31. Rxf4 Qxf4 32. Qc7 Qg3+ 33. Kf1 Qxh3+
34. Kf2 Qh4+ 35. Ke3 Qg3+ 36. Kd2 Qf4+ 37. Ke1 Qe3+ 38. Kd1 Qa7 39. Qc5 Qxb7
40. Qd6 Rc8 41. a4 Qc6 42. b5 axb5 43. a5 Qc1+ 44. Ke2 Rc2+ 45. Kf3 Qf1+ 46.
Ke3 Qf2+ 0-1

[Event "Montreal CC-ch"]
[Site "Montreal CAN"]
[Date "2014.06.14"]
[Round "2"]
[White "Boudreau, Daniel"]
[Black "Johnson-Constantin, Matthieu"]
[Result "1-0"]
[WhiteElo "2062"]
[BlackElo "1702"]
[PlyCount "41"]
[EventDate "2014.06.01"]
[EventType "swiss"]
[EventRounds "5"]
[EventCountry "CAN"]

1. e4 e6 2. d4 d5 3. Nd2 Nf6 4. Bd3 c5 5. c3 Nc6 6. Ngf3 cxd4 7. cxd4 dxe4 8.
Nxe4 Be7 9. O-O O-O 10. Be3 h6 11. Rc1 Nb4 12. Bb1 b6 13. a3 Nbd5 14. Ne5 Bb7
15. Qf3 Rc8 16. Nxf6+ Bxf6 17. Qe4 Re8 18. Qh7+ Kf8 19. Rxc8 Qxc8 20. Rc1 Qb8
21. Nd7+ 1-0

[Event "Montreal CC-ch"]
[Site "Montreal CAN"]
[Date "2014.06.14"]
[Round "2"]
[White "Cloutier, Mathieu"]
[Black "Baran, Marius"]
[Result "1/2-1/2"]
[WhiteElo "2031"]
[BlackElo "1689"]
[PlyCount "108"]
[EventDate "2014.06.01"]
[EventType "swiss"]
[EventRounds "5"]
[EventCountry "CAN"]

1. e4 c5 2. Nf3 d6 3. d4 cxd4 4. Nxd4 Nf6 5. Nc3 g6 6. Be3 Bg7 7. f3 O-O 8. Qd2
Nc6 9. Bc4 Nxd4 10. Bxd4 Qa5 11. O-O-O Be6 12. Bxe6 fxe6 13. Kb1 b5 14. Bxf6
Bxf6 15. Nd5 Qxd2 16. Nxf6+ Rxf6 17. Rxd2 e5 18. Rd5 Rb8 19. c3 Rff8 20. Rc1
Rfc8 21. a3 Kf7 22. Rc2 a6 23. a4 Rc6 24. axb5 axb5 25. Rcd2 Rbb6 26. R5d3 g5
27. b3 Ra6 28. Ra2 Rxa2 29. Kxa2 Ra6+ 30. Kb2 Ke8 31. Rd1 Kd7 32. h4 gxh4 33.
Rh1 Ra8 34. Rxh4 Rg8 35. Rh2 h5 36. Ka3 Kc6 37. Kb4 Rg5 38. c4 bxc4 39. Kxc4 e6
40. Kb4 d5 41. Ka5 dxe4 42. fxe4 Rg3 43. Rh3 Rxg2 44. Rc3+ Kb7 45. Rh3 Rg5 46.
Kb5 Rg4 47. Rxh5 Rxe4 48. Rh7+ Kb8 49. b4 Rd4 50. Re7 Rd8 51. Rxe6 Rd1 52. Kb6
Rd8 53. b5 Rh8 54. Rxe5 Rh6+ 1/2-1/2

[Event "Montreal CC-ch"]
[Site "Montreal CAN"]
[Date "2014.06.14"]
[Round "2"]
[White "Gauthier, Luc"]
[Black "Tremblay, Alain"]
[Result "0-1"]
[WhiteElo "1776"]
[BlackElo "2164"]
[PlyCount "120"]
[EventDate "2014.06.01"]
[EventType "swiss"]
[EventRounds "5"]
[EventCountry "CAN"]

1. e4 d6 2. d4 Nf6 3. Nc3 c6 4. f4 Qa5 5. Bd2 e5 6. Nd5 Qd8 7. Nxf6+ Qxf6 8.
dxe5 dxe5 9. Nf3 Nd7 10. f5 h6 11. Bc3 Bc5 12. Qd2 O-O 13. O-O-O b5 14. Bb4 Qe7
15. Bxc5 Nxc5 16. Qe3 Na4 17. g4 Qb4 18. b3 Nc3 19. Bd3 Nxd1 20. Kxd1 Qd6 21.
Rg1 c5 22. g5 h5 23. Ke1 c4 24. Be2 cxb3 25. axb3 g6 26. fxg6 fxg6 27. Qc3 Bb7
28. Bxb5 Rxf3 29. Bc4+ Rf7 30. Rf1 Raf8 31. Rf6 Qd4 32. Qxd4 exd4 33. Rxg6+ Kh7
34. Rh6+ Kg7 35. Bxf7 Rxf7 36. e5 Re7 37. Rxh5 Rxe5+ 38. Kd2 Kg6 39. Rh6+ Kxg5
40. Rh7 Rb5 41. Rd7 Rb4 42. Rc7 Kf4 43. Rf7+ Ke5 44. h4 a5 45. h5 Bd5 46. Rf2
Be4 47. h6 Rb7 48. Rh2 Rh7 49. Rh5+ Bf5 50. c3 d3 51. c4 Rc7 52. Rh1 Kd4 53.
Ra1 Rc5 54. Rf1 Be4 55. Rf7 Rh5 56. Rd7+ Ke5 57. Re7+ Kf4 58. Rf7+ Bf5 59. Rf6
Rh2+ 60. Kd1 Ke3 0-1

[Event "Montreal CC-ch"]
[Site "Montreal CAN"]
[Date "2014.06.14"]
[Round "2"]
[White "He, Shao Hang"]
[Black "Gauthier, Luc"]
[Result "1-0"]
[WhiteElo "1689"]
[BlackElo "1967"]
[PlyCount "38"]
[EventDate "2014.06.01"]
[EventType "swiss"]
[EventRounds "5"]
[EventCountry "CAN"]

1. d4 Nf6 2. c4 e6 3. Nf3 Bb4+ 4. Bd2 Qe7 5. a3 Bxd2+ 6. Nbxd2 d6 7. e3 O-O 8.
Bd3 Nbd7 9. O-O b6 10. Qc2 Bb7 11. e4 e5 12. d5 Rfe8 13. b4 Nh5 14. g3 Ndf6 15.
Rfc1 Rec8 16. Nb3 c6 17. Qd2 cxd5 18. cxd5 Nxd5 19. exd5 Bxd5 1-0

[Event "Montreal CC-ch"]
[Site "Montreal CAN"]
[Date "2014.06.14"]
[Round "2"]
[White "Jacques, Simon"]
[Black "Rondon, Luciano"]
[Result "1/2-1/2"]
[WhiteElo "1684"]
[BlackElo "1897"]
[PlyCount "65"]
[EventDate "2014.06.01"]
[EventType "swiss"]
[EventRounds "5"]
[EventCountry "CAN"]

1. e4 c5 2. Nc3 d6 3. f4 g6 4. Nf3 Bg7 5. Bc4 Nc6 6. O-O e6 7. a3 Nge7 8. d3
O-O 9. Ne2 d5 10. Ba2 b6 11. e5 Bb7 12. d4 Ba6 13. c3 cxd4 14. cxd4 Rc8 15. Bd2
Nf5 16. Kh1 Bxe2 17. Qxe2 Nfxd4 18. Qd3 Nxf3 19. Rxf3 Qd7 20. Rh3 Ne7 21. g4
Qa4 22. Bb3 Qe4+ 23. Qxe4 dxe4 24. Bb4 Rfe8 25. Ba4 Nd5 26. Bxe8 Rxe8 27. Bd2
Bf8 28. Re1 Rc8 29. Rxe4 Rc2 30. Bc3 Bc5 31. Bd4 Bxd4 32. Rxd4 Rxb2 33. f5
1/2-1/2

[Event "Montreal CC-ch"]
[Site "Montreal CAN"]
[Date "2014.06.14"]
[Round "2"]
[White "Jacquet, Stephane"]
[Black "Zumsteg, Nicolas"]
[Result "0-1"]
[WhiteElo "2087"]
[BlackElo "1730"]
[PlyCount "58"]
[EventDate "2014.06.01"]
[EventType "swiss"]
[EventRounds "5"]
[EventCountry "CAN"]

1. d4 Nf6 2. c4 c5 3. d5 e6 4. Nc3 exd5 5. cxd5 d6 6. e4 g6 7. Nf3 Bg7 8. Bd3
O-O 9. h3 a6 10. a4 Nbd7 11. O-O b6 12. Bf4 Qc7 13. Nd2 Re8 14. Nc4 Ne5 15.
Nxe5 dxe5 16. Bh2 Bh6 17. g4 Bg5 18. Qe1 h5 19. f4 Bxf4 20. Bxf4 exf4 21. g5
Bxh3 22. gxf6 Bxf1 23. Kxf1 g5 24. Qe2 g4 25. Re1 Qe5 26. Bxa6 f3 27. Qe3 Qxf6
28. e5 Qh4 29. Bb5 Qh3+ 0-1

[Event "Montreal CC-ch"]
[Site "Montreal CAN"]
[Date "2014.06.14"]
[Round "2"]
[White "Lamoureux, Yvon"]
[Black "Sprumont, Oscar"]
[Result "0-1"]
[WhiteElo "1696"]
[BlackElo "2042"]
[PlyCount "68"]
[EventDate "2014.06.01"]
[EventType "swiss"]
[EventRounds "5"]
[EventCountry "CAN"]

1. e4 e6 2. d4 d5 3. Nd2 c5 4. exd5 Qxd5 5. Ndf3 Nc6 6. Be3 cxd4 7. Nxd4 Nxd4
8. Qxd4 Qxd4 9. Bxd4 Bd7 10. Be2 Ne7 11. Bf3 Nc6 12. Bc3 f6 13. Ne2 e5 14. a3
Be6 15. O-O-O Bc5 16. Rhf1 Bb6 17. Be4 Ke7 18. f3 Rac8 19. Rd3 Bc4 20. Kd2 Bxd3
21. cxd3 g6 22. g4 g5 23. Re1 h5 24. gxh5 Rxh5 25. h3 Rd8 26. Bf5 Kf7 27. Rf1
Rhh8 28. Bg4 Ne7 29. Ng3 Nd5 30. Nf5 Nf4 31. d4 Bxd4 32. Nxd4 exd4 33. Bb4 Kg6
34. Rc1 f5 0-1

[Event "Montreal CC-ch"]
[Site "Montreal CAN"]
[Date "2014.06.14"]
[Round "2"]
[White "Lopez Linares, Lizandro"]
[Black "Struben, Jeroen"]
[Result "1-0"]
[WhiteElo "2189"]
[BlackElo "1793"]
[PlyCount "79"]
[EventDate "2014.06.01"]
[EventType "swiss"]
[EventRounds "5"]
[EventCountry "CAN"]

1. d4 Nf6 2. Nf3 g6 3. Bf4 Bg7 4. e3 d6 5. h3 O-O 6. Be2 c5 7. c3 Nbd7 8. Nbd2
a6 9. a4 b6 10. O-O Bb7 11. Qb1 Rb8 12. Rd1 b5 13. e4 b4 14. Qc2 cxd4 15. cxd4
Qb6 16. a5 Qa7 17. Bd3 Rfc8 18. Qb1 Ne8 19. Nb3 Nc7 20. Be3 Ne6 21. Re1 Qa8 22.
Nbd2 Rc7 23. Bf1 Rbc8 24. Ra4 b3 25. Rb4 Rc2 26. Rxb3 Nxd4 27. Nxd4 Bxd4 28.
Bxd4 Rxd2 29. Bc3 Rxc3 30. Rxc3 Nc5 31. Qc1 Rd4 32. e5 Qd8 33. exd6 exd6 34.
Rce3 Ne4 35. Bd3 d5 36. f3 Nf6 37. Qc5 Rf4 38. Re7 Nd7 39. Qd6 Qxa5 40. Qxf4
1-0

[Event "Montreal CC-ch"]
[Site "Montreal CAN"]
[Date "2014.06.14"]
[Round "2"]
[White "Millette, Sylvain"]
[Black "Luo, Zhao Yang"]
[Result "1-0"]
[WhiteElo "1706"]
[BlackElo "2078"]
[PlyCount "83"]
[EventDate "2014.06.01"]
[EventType "swiss"]
[EventRounds "5"]
[EventCountry "CAN"]

1. Nf3 d5 2. g3 Nf6 3. Bg2 e6 4. d4 c5 5. c4 Nc6 6. O-O Be7 7. cxd5 exd5 8.
dxc5 Bxc5 9. Qc2 Be7 10. Nc3 O-O 11. a3 Bg4 12. Rd1 Qa5 13. Be3 Rac8 14. Qd3
Rfd8 15. Qb5 a6 16. Qxb7 Rb8 17. Qxc6 Bd7 18. b4 Bxb4 19. axb4 Qxa1 20. Rxa1
Bxc6 21. Rxa6 Bb7 22. Ra7 Bc6 23. Ne5 Be8 24. Bc5 d4 25. Ne4 Nd5 26. Nd6 Nxb4
27. Nxe8 Rxe8 28. Bxb4 Rxb4 29. Bd5 Rf8 30. Bxf7+ Kh8 31. Ba2 Rb2 32. Bc4 Rc2
33. Bd3 Rc3 34. Nd7 Rc1+ 35. Kg2 Rd8 36. Ne5 Re8 37. Rd7 Rc5 38. Nf3 Rf8 39.
Nxd4 Re5 40. Nf3 Ra5 41. e4 g5 42. e5 1-0

[Event "Montreal CC-ch"]
[Site "Montreal CAN"]
[Date "2014.06.14"]
[Round "2"]
[White "Ostaci, Liviu"]
[Black "Perna-Fraser, David"]
[Result "1/2-1/2"]
[WhiteElo "1605"]
[BlackElo "1811"]
[PlyCount "83"]
[EventDate "2014.06.01"]
[EventType "swiss"]
[EventRounds "5"]
[EventCountry "CAN"]

1. Nf3 f5 2. b3 Nf6 3. Bb2 e6 4. g3 Nc6 5. Bg2 Be7 6. O-O O-O 7. d3 d6 8. Nbd2
e5 9. c4 Qe8 10. Qc2 Qh5 11. c5 Be6 12. cxd6 cxd6 13. Rac1 Rac8 14. Qb1 f4 15.
Rfe1 fxg3 16. fxg3 Qh6 17. Nf1 Bd8 18. Rcd1 Ba5 19. Bc1 Bb6+ 20. Kh1 Qh5 21.
Be3 Ba5 22. Bd2 Ng4 23. Bxa5 Nxa5 24. Kg1 Nc6 25. Rc1 Ne7 26. Rxc8 Rxc8 27. Rc1
Qh6 28. Rxc8+ Bxc8 29. Qc2 Nc6 30. Qd2 Qxd2 31. N1xd2 Ne3 32. Nc4 Nxc4 33. dxc4
Kf8 34. a3 Bg4 35. e3 Bxf3 36. Bxf3 Na5 37. Bd1 Ke7 38. Kf2 h6 39. Kf3 Ke6 40.
Ke4 g6 41. Bg4+ Ke7 42. Bd1 1/2-1/2

[Event "Montreal CC-ch"]
[Site "Montreal CAN"]
[Date "2014.06.14"]
[Round "2"]
[White "Ouellet, Maili-Jade"]
[Black "Sonn, Eric"]
[Result "1-0"]
[WhiteElo "1809"]
[BlackElo "1450"]
[PlyCount "79"]
[EventDate "2014.06.01"]
[EventType "swiss"]
[EventRounds "5"]
[EventCountry "CAN"]

1. d4 Nf6 2. c4 g6 3. Nc3 Bg7 4. e4 d6 5. f4 Na6 6. Nf3 O-O 7. Be2 c5 8. d5 Nc7
9. O-O e6 10. a4 exd5 11. cxd5 Re8 12. Nd2 h5 13. h3 b6 14. Bf3 Bb7 15. Nc4 Ba6
16. Qd3 Re7 17. Rd1 Qd7 18. e5 Nfe8 19. e6 fxe6 20. dxe6 Qxe6 21. Bxa8 Bxc4 22.
Qf3 Nxa8 23. Qxa8 Bd4+ 24. Kh2 Kg7 25. Bd2 Nc7 26. Qf3 Qf5 27. Re1 Rf7 28. Qc6
Nd5 29. Nxd5 Bxd5 30. Qxd6 Bxb2 31. Rab1 Bd4 32. Rbc1 h4 33. Re2 Rd7 34. Re7+
Rxe7 35. Qxe7+ Qf7 36. Qxh4 Bc6 37. Re1 Qf6 38. Re7+ Kg8 39. Qxf6 Bxf6 40. Re6
1-0

[Event "Montreal CC-ch"]
[Site "Montreal CAN"]
[Date "2014.06.14"]
[Round "3"]
[White "Gauthier, Denis"]
[Black "Varfalvy, Peter"]
[Result "1/2-1/2"]
[WhiteElo "1967"]
[BlackElo "1461"]
[PlyCount "128"]
[EventDate "2014.06.01"]
[EventType "swiss"]
[EventRounds "5"]
[EventCountry "CAN"]

1. d4 Nf6 2. c4 d5 3. cxd5 Qxd5 4. Nc3 Qa5 5. Bd2 Qb6 6. Nf3 c6 7. e3 Bf5 8.
Bc4 e6 9. Bb3 Bd6 10. O-O Nbd7 11. Re1 Ne4 12. Nxe4 Bxe4 13. Bc3 Bb4 14. Nd2
Bxc3 15. bxc3 Bg6 16. e4 O-O 17. Nc4 Qc7 18. e5 Nb6 19. Nd6 Nc8 20. Ne4 Ne7 21.
Qe2 b6 22. Rad1 Nd5 23. Rc1 Bxe4 24. Qxe4 f5 25. exf6 Rxf6 26. c4 Nf4 27. Re3
Raf8 28. Rg3 Rh6 29. Re1 Qf7 30. f3 Rh4 31. Qe3 Qh5 32. h3 Rf6 33. Qe5 Qxe5 34.
dxe5 Rf7 35. Rg4 Rxg4 36. hxg4 Kf8 37. Rd1 c5 38. Kf2 Re7 39. g3 Ng6 40. f4 Kf7
41. Ke3 Nf8 42. Ba4 g6 43. Bc6 Rc7 44. Bb5 Ke7 45. Rd2 Rc8 46. Ke4 Rd8 47. Rxd8
Kxd8 48. f5 Ke7 49. Kf4 h6 50. f6+ Kd8 51. g5 h5 52. Bc6 Nh7 53. Be4 Nf8 54.
Ke3 Kc7 55. Kf3 a6 56. a4 a5 57. Kf4 Kd8 58. Bc6 Nh7 59. Be4 Nf8 60. Bf3 Ke8
61. Be2 Kf7 62. Bf3 Nd7 63. Bc6 Nb8 64. Bb5 Kf8 1/2-1/2

[Event "Montreal CC-ch"]
[Site "Montreal CAN"]
[Date "2014.06.14"]
[Round "3"]
[White "Nica, Ion"]
[Black "Abdelaal, Ibrahim"]
[Result "1-0"]
[WhiteElo "1616"]
[BlackElo "1813"]
[PlyCount "35"]
[EventDate "2014.06.01"]
[EventType "swiss"]
[EventRounds "5"]
[EventCountry "CAN"]

1. Nf3 c5 2. b3 d5 3. e3 Nc6 4. Bb2 Nf6 5. Bb5 a6 6. Bxc6+ bxc6 7. Ne5 Qc7 8.
f4 e6 9. d3 Be7 10. Nd2 O-O 11. O-O Nd7 12. Qg4 f5 13. Qh5 Nxe5 14. Bxe5 Bd6
15. Nf3 Bd7 16. Ng5 h6 17. Qg6 Rf6 18. Bxf6 1-0

[Event "Montreal CC-ch"]
[Site "Montreal CAN"]
[Date "2014.06.14"]
[Round "3"]
[White "Ostaci, Liviu"]
[Black "Salazar, Andres"]
[Result "1/2-1/2"]
[WhiteElo "1605"]
[BlackElo "1769"]
[PlyCount "69"]
[EventDate "2014.06.01"]
[EventType "swiss"]
[EventRounds "5"]
[EventCountry "CAN"]

1. Nf3 c5 2. b3 d5 3. Bb2 Nc6 4. e3 Bg4 5. d4 e6 6. Be2 Nf6 7. O-O cxd4 8. Nxd4
Bxe2 9. Qxe2 Rc8 10. c3 Bd6 11. Nd2 O-O 12. Rac1 Bb8 13. Rfd1 e5 14. Nxc6 bxc6
15. Nf1 h5 16. c4 Qe7 17. cxd5 cxd5 18. Rxc8 Rxc8 19. Rc1 Rxc1 20. Bxc1 e4 21.
Bb2 Be5 22. Bxe5 Qxe5 23. Qd2 h4 24. h3 Nd7 25. Qa5 Qg5 26. Qxa7 Ne5 27. Qb8+
Kh7 28. Qc8 f5 29. Qc3 Nd3 30. Nh2 f4 31. Ng4 fxe3 32. fxe3 Qe7 33. a4 Qa3 34.
Qc8 Qxb3 35. Qf5+ 1/2-1/2

[Event "Montreal CC-ch"]
[Site "Montreal CAN"]
[Date "2014.06.14"]
[Round "3"]
[White "Ouellet, Maili-Jade"]
[Black "Lopez Linares, Lizandro"]
[Result "1/2-1/2"]
[WhiteElo "1809"]
[BlackElo "2189"]
[PlyCount "76"]
[EventDate "2014.06.01"]
[EventType "swiss"]
[EventRounds "5"]
[EventCountry "CAN"]

1. d4 Nf6 2. c4 c5 3. d5 b5 4. cxb5 a6 5. bxa6 Bxa6 6. b3 d6 7. Bb2 Nbd7 8. g3
g6 9. Bg2 Bg7 10. Nh3 O-O 11. O-O Qb6 12. Nf4 Rfb8 13. Re1 Ng4 14. Bxg7 Kxg7
15. h3 Nge5 16. Nd2 Rc8 17. Rb1 c4 18. Ne4 Qa5 19. Qd4 Qb6 20. Qb2 cxb3 21.
axb3 Qb4 22. Red1 Nf6 23. Rd4 Qb6 24. Nxf6 exf6 25. h4 Rab8 26. Rd2 Qc7 27. Qa2
Ra8 28. Qb2 Rab8 29. Qa2 Rb6 30. Be4 Qb7 31. Rdb2 Rb8 32. b4 Bb5 33. Qb3 Ra8
34. Qc3 Nc4 35. Rb3 Ne5 36. R3b2 Qa6 37. Qe1 Rbb8 38. Rc2 Bd7 1/2-1/2

[Event "Montreal CC-ch"]
[Site "Montreal CAN"]
[Date "2014.06.14"]
[Round "3"]
[White "Perna-Fraser, David"]
[Black "Jacques, Simon"]
[Result "1-0"]
[WhiteElo "1811"]
[BlackElo "1684"]
[PlyCount "39"]
[EventDate "2014.06.01"]
[EventType "swiss"]
[EventRounds "5"]
[EventCountry "CAN"]

1. e4 e6 2. d4 d5 3. exd5 exd5 4. Bd3 Nf6 5. Nf3 Bg4 6. O-O Be7 7. h3 Bh5 8.
Bf4 O-O 9. Nbd2 Bd6 10. Bxd6 Qxd6 11. c3 Nc6 12. Re1 Ne7 13. Nf1 Bg6 14. Ng3
Nh5 15. Bxg6 Nxg3 16. Bxh7+ Kxh7 17. fxg3 Ng6 18. Ng5+ Kh6 19. Qd2 Kh5 20. g4+
1-0

[Event "Montreal CC-ch"]
[Site "Montreal CAN"]
[Date "2014.06.14"]
[Round "3"]
[White "Raduica, Gheorghe"]
[Black "Gauthier, Luc"]
[Result "0-1"]
[WhiteElo "1451"]
[BlackElo "1776"]
[PlyCount "112"]
[EventDate "2014.06.01"]
[EventType "swiss"]
[EventRounds "5"]
[EventCountry "CAN"]

1. e4 Nf6 2. e5 Nd5 3. c4 Nb6 4. Nc3 d6 5. d4 dxe5 6. dxe5 Qxd1+ 7. Nxd1 Nc6 8.
Bf4 Bf5 9. Ne3 e6 10. Nxf5 Bb4+ 11. Kd1 O-O-O+ 12. Kc2 exf5 13. Nf3 h6 14. h4
Bc5 15. a3 Bxf2 16. Bd3 g6 17. Rhf1 Nd4+ 18. Nxd4 Bxd4 19. Rad1 c5 20. Rde1
Bxb2 21. Bxf5+ gxf5 22. Kxb2 Nxc4+ 23. Kb3 b5 24. Rf3 Na5+ 25. Kc3 Nc6 26. Bc1
Nd4 27. Rfe3 Rhg8 28. g3 f4 29. gxf4 Rg2 30. Bd2 b4+ 31. axb4 cxb4+ 32. Kxb4
Rxd2 33. Rc1+ Rc2 34. Rc3+ Rxc3 35. Rxc3+ Kb7 36. Kc4 Nf5 37. Rb3+ Kc6 38. Ra3
Rd4+ 39. Kc3 Rd7 40. Ra6+ Kb5 41. Rf6 Nxh4 42. Rxh6 Ng6 43. Rh5 Kc6 44. Rf5 Kd5
45. Rf6 Rc7+ 46. Kd3 Nf8 47. Rd6+ Kc5 48. Ke4 a5 49. f5 Ra7 50. Rd8 Nd7 51. e6
fxe6 52. fxe6 Nf6+ 53. Kf5 Nd5 54. Ke5 Ne7 55. Rd7 Rxd7 56. exd7 Nc6+ 0-1

[Event "Montreal CC-ch"]
[Site "Montreal CAN"]
[Date "2014.06.14"]
[Round "3"]
[White "Sprumont, Oscar"]
[Black "He, Shao Hang"]
[Result "1-0"]
[WhiteElo "2042"]
[BlackElo "1689"]
[PlyCount "113"]
[EventDate "2014.06.01"]
[EventType "swiss"]
[EventRounds "5"]
[EventCountry "CAN"]

1. Nf3 d5 2. c4 c6 3. cxd5 cxd5 4. d4 Nf6 5. Nc3 Bf5 6. Bf4 e6 7. e3 Be7 8.
Bb5+ Nbd7 9. O-O O-O 10. Rc1 a6 11. Bd3 Bg4 12. Be2 Nh5 13. Bg3 Nxg3 14. hxg3
b5 15. Ne1 Bxe2 16. Qxe2 Qa5 17. a3 Rfc8 18. Nc2 Rab8 19. b4 Qd8 20. Ne1 Nb6
21. Nd3 Nc4 22. Qa2 a5 23. Nc5 axb4 24. axb4 Ra8 25. Qe2 Qb6 26. Ra1 Rd8 27.
Ra2 Rxa2 28. Qxa2 Bxc5 29. dxc5 Qb7 30. Ra1 d4 31. exd4 g6 32. Qa6 Qxa6 33.
Rxa6 Rxd4 34. Nxb5 Rd1+ 35. Kh2 Rb1 36. c6 Ne5 37. f3 Nxc6 38. Rxc6 Rxb4 39.
Nd6 Rd4 40. Rc8+ Kg7 41. Rd8 Rd5 42. Ne8+ Kf8 43. Rxd5 exd5 44. Nf6 d4 45.
Nxh7+ Kg7 46. Ng5 d3 47. Ne4 f5 48. Nd2 Kf6 49. Kg1 Ke5 50. Kf2 Kd4 51. Ke1 Kc3
52. Kd1 Kd4 53. Nf1 g5 54. Kd2 g4 55. Ne3 f4 56. gxf4 gxf3 57. gxf3 1-0

[Event "Montreal CC-ch"]
[Site "Montreal CAN"]
[Date "2014.06.14"]
[Round "3"]
[White "Struben, Jeroen"]
[Black "Bonneville-Roussy, Didier"]
[Result "1-0"]
[WhiteElo "1793"]
[BlackElo "1479"]
[PlyCount "69"]
[EventDate "2014.06.01"]
[EventType "swiss"]
[EventRounds "5"]
[EventCountry "CAN"]

1. d4 f5 2. g3 Nf6 3. Bg2 e6 4. Nf3 Be7 5. O-O O-O 6. c4 d6 7. Nc3 Ne4 8. Qc2
Nxc3 9. Qxc3 Bf6 10. Qb3 Nc6 11. e3 Qe8 12. Bd2 e5 13. d5 Ne7 14. c5 Ng6 15.
cxd6 cxd6 16. Bb4 Qd8 17. Qa3 Be7 18. h4 h5 19. Rac1 f4 20. exf4 exf4 21. Nd4
Qb6 22. Ne6 Bxe6 23. dxe6 a5 24. Bd2 Rf6 25. Bxf4 Nxf4 26. gxf4 Rxf4 27. Qe3
Rb4 28. Qxb6 Rxb6 29. Rc7 Re8 30. b3 Bxh4 31. Bf3 Rb5 32. Rd1 Rf5 33. Rd3 Re7
34. Rc8+ Kh7 35. Be4 1-0

[Event "Montreal CC-ch"]
[Site "Montreal CAN"]
[Date "2014.06.14"]
[Round "3"]
[White "Tremblay, Alain"]
[Black "Millette, Sylvain"]
[Result "1-0"]
[WhiteElo "2164"]
[BlackElo "1706"]
[PlyCount "169"]
[EventDate "2014.06.01"]
[EventType "swiss"]
[EventRounds "5"]
[EventCountry "CAN"]

1. Nf3 Nf6 2. g3 g6 3. b4 c6 4. Bb2 a5 5. a3 axb4 6. axb4 Rxa1 7. Bxa1 Qb6 8.
c3 Bg7 9. Bg2 d6 10. O-O Qa6 11. Bb2 Qa2 12. Qc1 Nd5 13. Ba3 Bf5 14. c4 Bxb1
15. cxd5 Be4 16. dxc6 bxc6 17. d3 Bf5 18. Nd2 O-O 19. e4 Bd7 20. Nc4 Rd8 21.
Rd1 Qb3 22. d4 Na6 23. e5 d5 24. Na5 Qa4 25. Nb7 Rb8 26. Nc5 Nxc5 27. bxc5 Rb3
28. Bb2 Qa2 29. Bc3 Bf5 30. Qa1 Qxa1 31. Bxa1 Rb1 32. Rxb1 Bxb1 33. Kf1 Bd3+
34. Ke1 Kf8 35. Kd2 Bb5 36. Kc3 Ke8 37. Kb4 Kd8 38. Bxd5 e6 39. Be4 f6 40. exf6
Bxf6 41. f4 Kd7 42. Kc3 Ke7 43. Kd2 Kf7 44. Ke3 Ke8 45. Bc3 Bd8 46. h4 Kf7 47.
Kf3 Bf6 48. Ke3 Bd8 49. Kf2 Bf6 50. Kg2 Bd8 51. Be1 Bf6 52. Bf2 Bd8 53. Kh3
Bf1+ 54. Kh2 Bc4 55. g4 h6 56. Kg3 Bc7 57. Kf3 Ba5 58. Ke3 Ba2 59. Bd3 Bb3 60.
h5 gxh5 61. gxh5 Bd8 62. Bg6+ Kg7 63. Be8 Bd5 64. Be1 Bf6 65. Ba5 Kf8 66. Bg6
Ke7 67. Bc7 Kd7 68. Bd6 Bg7 69. Kd3 Bg2 70. Kc4 Bf1+ 71. Kc3 Bg2 72. Bd3 Bf3
73. Bg6 Bg2 74. Kd3 Bf1+ 75. Ke3 Bc4 76. Be4 Bb3 77. Be5 Bf8 78. f5 exf5 79.
Bxf5+ Be6 80. Bg6 Be7 81. Bf4 Bf8 82. Bb1 Bg7 83. Be5 Bf8 84. Kf4 Be7 85. Bf5
1-0

[Event "Montreal CC-ch"]
[Site "Montreal CAN"]
[Date "2014.06.14"]
[Round "3"]
[White "Zumsteg, Nicolas"]
[Black "Boudreau, Daniel"]
[Result "0-1"]
[WhiteElo "1730"]
[BlackElo "2062"]
[PlyCount "59"]
[EventDate "2014.06.01"]
[EventType "swiss"]
[EventRounds "5"]
[EventCountry "CAN"]

1. d4 Nf6 2. c4 e6 3. Nc3 Bb4 4. Qc2 d5 5. e3 O-O 6. a3 Bxc3+ 7. bxc3 c5 8.
cxd5 exd5 9. dxc5 Nbd7 10. Nf3 Nxc5 11. Be2 Bd7 12. O-O Rc8 13. Bb2 Ba4 14. Qd2
Nb3 15. Qe1 Nxa1 16. Qxa1 b5 17. Bd1 Bxd1 18. Rxd1 Qb6 19. Rd4 Rc4 20. Rxc4
bxc4 21. a4 Rb8 22. Kf1 Qxb2 23. Qxb2 Rxb2 24. Nd4 Ra2 25. f3 Rxa4 26. g4 Ra3
27. Ne2 g5 28. Nd4 Nd7 29. e4 dxe4 30. fxe4 0-1